000 01137nam a2200277Ia 4500
003 OSt
005 20221005111615.0
006 a|||||r|||| 00| 0
007 ta
008 221004b |||||||| |||| 00| 0 hin d
020 _a9788176754101 (hbk)
_cINR 350.00
024 _a29743
037 _b276, 03/03/2017, Eastern Book Linkers
_cTextual
040 _aCRL
_cCRL
_bhin
041 _2hin
_ahin
082 _aO44,3:g, 152Q3
100 _aवैभव सिंह, ले.
245 0 _aभारतीय उपन्यास और आधुनिकताः नवजागरण और 1857 का विशेष संदर्भ
246 _aBhāratīya upanyās aur ādhunikatāah navajāgaraṇ aur 1857 kā visheṣh sandarbha
250 _aसंस्करण 2
260 _aपंचकूला
_bआधार प्रकाशन भारत
_c2013
300 _a240पृ0
_ccm.
650 _aभारतीय साहित्य
942 _hO44,3:g, 152Q3
_cTEXL
_2cc
999 _c1022327
_d1022327